| 000 | 01177cam a2200217 4500 | ||
|---|---|---|---|
| 001 | ABS65709 | ||
| 008 | 020719n2002 000 0 eng u | ||
| 035 | _a(Sirsi) u118919 | ||
| 100 | _aTinworth, A. | ||
| 245 | _aSeize the skyline | ||
| 260 | _c2002 | ||
| 490 |
_aEstates Gazette _v(0227) 6 July 2002, 128-129(2) |
||
| 520 | _aDiscusses a report by the RICS Foundation "Red man green man" (ISBN 1842191012) which examines attitudes towards sustainable or smart development and the options available to the property industry. The lack of a clear definition of sustainability is one key problem identified by the report. The report gives the property industry two solutions; to wait and see how the sustainable development debate develops or to preferably take an active role. Outlines various ways for professional bodies, big corporate companies, and smaller surveying companies to get involved in the sustainability debate. | ||
| 590 | _aABS | ||
| 650 | _aSUSTAINABLE DEVELOPMENT | ||
| 650 | _aPROPERTY INDUSTRY | ||
| 650 |
_aSustainability _96271 |
||
| 650 | _aABOUT RICS-RELATED ORGANISATIONS-RICS FOUNDATION | ||
| 690 | _aDEVELOPMENT-SUSTAINABLE | ||
| 942 | _n0 | ||
| 999 |
_c70778 _d70778 |
||